LIBRARY & INFORMATION CENTRE, KCAET, TAVANUR

ONLINE PUBLIC ACCESS CATALOGUE (OPAC)

11th intrnational congress of essential oils,fragrances and flavours 12-16 november 1989 Newdelhi,India : proceedings vol-2 keynote presentations / (Record no. 10689)

MARC details
000 -LEADER
fixed length control field 00514cam a2200145ua 4500
041 ## - LANGUAGE CODE
Language code of text/sound track or separate title eng
082 ## - DEWEY DECIMAL CLASSIFICATION NUMBER
Classification number 028.746645
Item number BHA/TH
100 ## - MAIN ENTRY--AUTHOR NAME
Personal name Bhattacharya, S C.
245 ## - TITLE STATEMENT
Title 11th intrnational congress of essential oils,fragrances and flavours 12-16 november 1989 Newdelhi,India : proceedings vol-2 keynote presentations /
260 ## - PUBLICATION, DISTRIBUTION, ETC. (IMPRINT)
Place of publication New Delhi :
Name of publisher Oxford & IBH Publishing company ,
Year of publication 1989.
300 ## - PHYSICAL DESCRIPTION
Number of Pages 77 ; .
942 ## - ADDED ENTRY ELEMENTS (KOHA)
Koha item type Books
Holdings
Withdrawn status Lost status Damaged status Home library Current library Date acquired Full call number Accession Number Koha item type
      KAUAET KAUAET 07/04/2012 028.746645 20011 Reference
free website counter